| 000 | 00455nam a22001817a 4500 | ||
|---|---|---|---|
| 005 | 20250718095431.0 | ||
| 008 | 161027b xxu||||| |||| 00| 0 eng d | ||
| 020 | _a8123908938 | ||
| 040 | _cPK-LaUMT | ||
| 082 |
_a615.824 _bGAR-P |
||
| 100 |
_aGardiner, M.Dena _96658 |
||
| 245 |
_aThe principles of exercise therapy _cM.Dena gardiner |
||
| 250 | _a4th | ||
| 260 |
_aNew Delhi _bCBS publisher _c1985 |
||
| 300 | _a302 p. | ||
| 546 | _aEN | ||
| 942 | _cBK | ||
| 999 |
_c88419 _d88419 |
||